000
00281nam a2200109Ia 4500
008
240521s2008 xx 000 0 und d
041
_a
eng
100
_a
AUSTEN.J.
245
_a
PRIDE & PREJUDICE
260
_b
USB PUBLISHERS DISTRIBUTORS PVT.LTD.,NEW DELHI
_c
2008
300
_a
454
999
_c
1160895
_d
1160895